| 000 | 00687nam a2200217 a 4500 | ||
|---|---|---|---|
| 001 | BRL_815 | ||
| 005 | 20190320210916.0 | ||
| 008 | 091013s1975----ii-######b---#000-0ceng-# | ||
| 041 | _aeng | ||
| 044 | _aII | ||
| 050 | 4 |
_aTT103 _b.B53 1975 |
|
| 245 | 1 | 0 |
_aBibliography of Indian handicrafts _ball India handicrafts board _cCompiled by P. Vijayalakshmi |
| 260 |
_aCoimbatore _bThe manager Govt. of India Press _c1975 |
||
| 300 |
_aiii, 112 p. _c20 cm. |
||
| 500 | _aAu915 | ||
| 504 | _acontenido 1753 bibliografías sobre artesanìas de la India | ||
| 650 | 1 | 4 |
_aArtesanías _vBibliografías _zIndia _925026 |
| 700 | 1 |
_aVijayalakshmi, P. _ecomp. _925027 |
|
| 902 | _aGRL | ||
| 942 |
_2lcc _cB |
||
| 999 |
_c9627 _d9627 |
||